Belgie

História vzniku Belgického kráľovstva. Základné ekonomické charakteristiky. Belgicko v Európskej integrácii. Belgický federalizmus. Súčasná belgická politika v EÚ.

Salvato in:
Dettagli Bibliografici
Autore principale: Drulák, Petr
Natura: Capitolo di libro
Lingua:ceco
Soggetti:
Tags: Aggiungi Tag
Nessun Tag, puoi essere il primo ad aggiungerne!!

MARC

LEADER 00000naa a2200000 4500
001 r039313
005 20230927120827.5
041 0 |a cze 
044 |a CZ 
245 1 0 |a Belgie  |c Petr Drulák 
520 |a História vzniku Belgického kráľovstva. Základné ekonomické charakteristiky. Belgicko v Európskej integrácii. Belgický federalizmus. Súčasná belgická politika v EÚ. 
610 2 0 |a Belgicko 
610 2 0 |a Európska únia 
610 2 0 |a situácia hospodárska 
610 2 0 |a politika 
610 2 0 |a história 
610 2 0 |a ukazovatele ekonomické 
610 2 0 |a spolupráca hospodárska medzinárodná 
100 1 |a Drulák, Petr